| 000 | 00608cam a2200205 a 4500 | ||
|---|---|---|---|
| 001 | 000007738 | ||
| 005 | 20200929154300.0 | ||
| 008 | 750724s1953 sp 000 f spa d | ||
| 040 |
_aDO-SdBNP _bspa _cBNPHU |
||
| 082 |
_a863.6 _bC392b |
||
| 100 | 1 |
_aCela, Camilo José, _d1916-2002. _93188 |
|
| 245 | 1 | 0 |
_aBaraja de invenciones / _cCamilo José Cela. |
| 260 |
_aValencia : _bCastalia, _c1953. |
||
| 300 |
_a256 p. ; _c20 cm. |
||
| 490 | 1 | _aProsistas contemporáneos | |
| 650 | 4 |
_aNovela española _91123 |
|
| 650 | 4 |
_aLiteratura española _9632 |
|
| 830 | 0 |
_aProsistas contemporáneos _921424 |
|
| 049 | _aBNGR | ||
| 999 |
_c7516 _d7516 |
||